Đặc điểm ngữ nghĩa của từ trong tập thơ Thơ của Xuân Diệu
Cách sử dụng từ ngữ trong tập thơ Thơ xét về góc độ ngữ nghĩa. Các trường nghĩa thường được sử dụng trong tập thơ thơ của Xuân Diệu
Saved in:
| Main Author: | |
|---|---|
| Other Authors: | |
| Format: | Book |
| Language: | Vietnamese |
| Published: |
Đại học Đà Nẵng
Trường Đại học Sư Phạm
2011
|
| Series: | Khóa luận tốt nghiệp Đại học. Chuyên ngành: Cử nhân văn học
|
| Subjects: | |
| Tags: |
Add Tag
No Tags, Be the first to tag this record!
|
| Institutions: | Mạng thư viện Đại học Đà Nẵng |
|---|
| LEADER | 01550nam a2200385 4500 | ||
|---|---|---|---|
| 001 | 000011154 | ||
| 003 | 7386 | ||
| 005 | 20120202100253.0 | ||
| 008 | 120202s2011 viesd | ||
| 041 | |a vie | ||
| 072 | |a Khóa luận tốt nghiệp | ||
| 082 | |a 808.1 |b VU-Y | ||
| 100 | |a Vũ, Thị Yến | ||
| 245 | |a Đặc điểm ngữ nghĩa của từ trong tập thơ Thơ của Xuân Diệu |c Vũ, Thị Yến | ||
| 260 | |a Đại học Đà Nẵng |b Trường Đại học Sư Phạm |c 2011 | ||
| 300 | |a 69 tr. |c 29 cm | ||
| 490 | |a Khóa luận tốt nghiệp Đại học. Chuyên ngành: Cử nhân văn học | ||
| 500 | |a Tham khảo trang 68 | ||
| 520 | |a Cách sử dụng từ ngữ trong tập thơ Thơ xét về góc độ ngữ nghĩa. Các trường nghĩa thường được sử dụng trong tập thơ thơ của Xuân Diệu | ||
| 653 | |a Xuân Diệu | ||
| 653 | |a Thơ | ||
| 653 | |a Khóa luận tốt nghiệp Đại học | ||
| 653 | |a Khoa Ngữ văn | ||
| 653 | |a ngữ nghĩa | ||
| 700 | |a Nguyễn Thị Thân |c ThS. |e Hướng dẫn | ||
| OWN | |a LSP | ||
| AVA | |a UDN50 |b LSP |d 808.1 VU-Y |e available |t Error 5001 Not defined in file expand_doc_bib_avail. |f 1 |g 0 |h N |i 0 |k 1 | ||
| 999 | |a From the UDN01 | ||
| AVA | |a UDN50 |b LSP |d 808.1 VU-Y |e available |t Error 5001 Not defined in file expand_doc_bib_avail. |f 1 |g 0 |h N |i 0 |k 1 | ||
| TYP | |a Monograph | ||
| TYP | |a Printed language | ||
| 980 | |a Mạng thư viện Đại học Đà Nẵng | ||